Catálogo

Vista normal Vista MARC

Entrada Personal Name

Número de registros utilizados en: 1

001 - CONTROL NUMBER

  • control field: 16900

003 - CONTROL NUMBER IDENTIFIER

  • control field: DLC

005 - DATE AND TIME OF LATEST TRANSACTION

  • control field: 20250324143153.0

008 - FIXED-LENGTH DATA ELEMENTS

  • fixed length control field: 040130n| azannaabn |n aaa c

010 ## - LIBRARY OF CONGRESS CONTROL NUMBER

  • LC control number: nr2004002830

035 ## - SYSTEM CONTROL NUMBER

  • System control number: (OCoLC)oca06261105

040 ## - CATALOGING SOURCE

  • Original cataloging agency: UkOxU
  • Language of cataloging: spa
  • Transcribing agency: Mx-PuUPA
  • Description conventions: rda
  • Modifying agency: DNLM
  • Modifying agency: Mx-PuUPA

100 1# - HEADING--PERSONAL NAME

  • Personal name: Butterfill, Stephen A.,
  • Fuller form of name: (Stephen Andrew)

374 ## - OCCUPATION

  • Occupation: Autor

375 ## - GENDER

  • Gender: hombre

377 ## - ASSOCIATED LANGUAGE

  • Language code: eng

378 ## - FULLER FORM OF PERSONAL NAME

  • Fuller form of personal name: Stephen Andrew

670 ## - SOURCE DATA FOUND

  • Source citation: Truth theories and action explanation, 1999:
  • Information found: t.p. (Stephen A. Butterfill, Wadham Coll.; B.Phil. thesis in philosophy, Univ. of Oxford) author's declaration form (Butterfill, Stephen Andrew)